000 00624nam a2200193 a 4500
005 20240924070044.0
008 160825s1997 mx r 000 0 spa d
020 _a970180192X
035 _aUPN01000212597
049 _aF
050 4 _aLB2805
_bP7.7
245 0 3 _aEl proyecto escolar.
260 _aMéxico :
_bSEP, Dirección General de Educación Indígena,
_c1997.
300 _a45 p. :
_btablas
440 0 _aNuestro quehacer.
_pEducación básica para niñas y niños indígenas.
_pGestion escolar ;
_v4
650 4 _aEscuelas
_xDirección y organización
_9346
650 2 _aProyecto escolar
_94284
905 _aLibro
999 _c184697
_d184697